[Event "Golden Horseshoe op"]
[Site "Mississauga CAN"]
[Date "2019.06.09"]
[Round "5.5"]
[White "Plotkin, Victor"]
[Black "Gaisinsky, Adam"]
[Result "1-0"]
[WhiteElo "2384"]
[BlackElo "2234"]
[PlyCount "109"]
[EventDate "2019.06.08"]
[EventType "swiss"]
[EventRounds "5"]
[EventCountry "CAN"]

1. e4 e5 2. Nf3 Nc6 3. Bc4 Nf6 4. d3 Be7 5. O-O O-O 6. c3 d5 7. exd5 Nxd5 8.
Re1 Bg4 9. h3 Bh5 10. Nbd2 Nb6 11. Bb5 f6 12. Nc4 Kh8 13. a4 Nxc4 14. Bxc4 Qd7
15. Nxe5 Qf5 16. Nf3 Bxf3 17. Qxf3 Qxf3 18. gxf3 Ne5 19. Kg2 Bd6 20. f4 Nxc4
21. dxc4 a5 22. Be3 b6 23. Rad1 Rad8 24. Rd5 c6 25. Rd2 c5 26. Red1 Bc7 27. f5
Kg8 28. Kf3 Kf7 29. Rd7+ Ke8 30. R7d5 Ke7 31. Bc1 Rfe8 32. R1d3 Bd6 33. Bd2 Rd7
34. b4 axb4 35. cxb4 cxb4 36. Rxd6 Rxd6 37. Bxb4 Red8 38. Ke4 g6 39. fxg6 hxg6
40. f4 Ke6 41. Rxd6+ Rxd6 42. Bxd6 Kxd6 43. Kd4 Kc6 44. Kc3 Kc5 45. Kb3 f5 46.
Kc3 Kc6 47. Kd4 Kd6 48. h4 Kc6 49. Ke5 Kc5 50. Kf6 Kxc4 51. Kxg6 Kb4 52. h5
Kxa4 53. h6 b5 54. h7 b4 55. h8=Q 1-0

[Event "Golden Horseshoe op"]
[Site "Mississauga CAN"]
[Date "2019.06.09"]
[Round "5.6"]
[White "Li, William"]
[Black "Feng, Richard"]
[Result "1-0"]
[WhiteElo "2293"]
[BlackElo "2052"]
[PlyCount "59"]
[EventDate "2019.06.08"]
[EventType "swiss"]
[EventRounds "5"]
[EventCountry "CAN"]

1. d4 f5 2. Bg5 h6 3. Bh4 g5 4. e3 Nf6 5. Bg3 d6 6. h4 g4 7. Nc3 Bg7 8. Nge2
Be6 9. Qd3 O-O 10. Nf4 Qd7 11. Nxe6 Qxe6 12. h5 c6 13. O-O-O Kh8 14. f3 Na6 15.
a3 b5 16. e4 fxe4 17. fxe4 b4 18. Ne2 Qa2 19. Nf4 e6 20. Ng6+ Kg8 21. Nxf8 Rxf8
22. Bxd6 Nxe4 23. Qxe4 Rf2 24. Be2 bxa3 25. Bxa3 c5 26. Rhf1 Bf6 27. Qg6+ Kh8
28. Qxh6+ Kg8 29. Qg6+ Kh8 30. Rxf2 1-0

[Event "Golden Horseshoe op"]
[Site "Mississauga CAN"]
[Date "2019.06.09"]
[Round "5.7"]
[White "Munro, Allan"]
[Black "Huang, Youhe"]
[Result "0-1"]
[WhiteElo "2249"]
[BlackElo "2021"]
[PlyCount "90"]
[EventDate "2019.06.08"]
[EventType "swiss"]
[EventRounds "5"]
[EventCountry "CAN"]

1. e4 Nf6 2. e5 Nd5 3. d4 d6 4. h3 Nc6 5. Nf3 g6 6. Bb5 a6 7. Ba4 Nb6 8. Bxc6+
bxc6 9. O-O Bg7 10. Re1 O-O 11. Nbd2 a5 12. a4 Bb7 13. Nb3 Nc4 14. Qe2 Ba6 15.
Qe4 Qd7 16. Bg5 f6 17. e6 Qe8 18. Bc1 g5 19. Qf5 d5 20. c3 Rb8 21. Nc5 Bc8 22.
b3 Nd6 23. Qd3 Qh5 24. Bd2 h6 25. c4 Ra8 26. cxd5 cxd5 27. Rac1 f5 28. Ne5 Ne4
29. Ned7 Qh4 30. Re2 Nxc5 31. dxc5 Ba6 32. Qf3 g4 33. Qf4 Bxe2 34. Nxf8 Rxf8
35. Bxa5 Qg5 36. Qxg5 hxg5 37. Bxc7 Rc8 38. Ba5 d4 39. c6 d3 40. Bd2 Bd4 41.
hxg4 fxg4 42. g3 Bb2 43. Rc5 Kg7 44. Rxg5+ Kf6 45. f4 Bd4+ 0-1

[Event "Golden Horseshoe op"]
[Site "Mississauga CAN"]
[Date "2019.06.09"]
[Round "5.8"]
[White "Zhang, Henry"]
[Black "Gao, Raymond"]
[Result "1-0"]
[WhiteElo "2223"]
[BlackElo "2007"]
[PlyCount "73"]
[EventDate "2019.06.08"]
[EventType "swiss"]
[EventRounds "5"]
[EventCountry "CAN"]

1. e4 c5 2. Nf3 d6 3. d4 Nf6 4. Nc3 cxd4 5. Nxd4 a6 6. Be3 e5 7. Nb3 Be7 8. f3
Be6 9. Qd2 Nbd7 10. O-O-O O-O 11. g4 b5 12. g5 b4 13. Ne2 Ne8 14. f4 a5 15. f5
a4 16. fxe6 axb3 17. cxb3 fxe6 18. Bh3 Rxa2 19. Bxe6+ Kh8 20. Ng3 Rf3 21. Nf5
Rxe3 22. Nxe3 Nc5 23. Bc4 Nxe4 24. Qd5 Nc7 25. Qxe4 Bxg5 26. Kb1 Ra5 27. Nd5
Ne6 28. Nxb4 Nd4 29. Rhe1 h6 30. Rxd4 exd4 31. Nc6 d5 32. Qe8+ Qxe8 33. Rxe8+
Kh7 34. Nxa5 dxc4 35. Nxc4 d3 36. b4 d2 37. Kc2 1-0

[Event "Golden Horseshoe op"]
[Site "Mississauga CAN"]
[Date "2019.06.09"]
[Round "5.9"]
[White "Zheng, Kevin"]
[Black "Aniunoh, Chike"]
[Result "0-1"]
[WhiteElo "1942"]
[BlackElo "2206"]
[PlyCount "62"]
[EventDate "2019.06.08"]
[EventType "swiss"]
[EventRounds "5"]
[EventCountry "CAN"]

1. d4 Nf6 2. c4 c5 3. d5 b5 4. cxb5 a6 5. b6 d6 6. Nc3 g6 7. e4 Nbd7 8. Nf3 Bg7
9. Nd2 Nxb6 10. Be2 O-O 11. a4 a5 12. O-O Ne8 13. Kh1 Nc7 14. Nc4 Nxc4 15. Bxc4
Ba6 16. Qe2 Bxc4 17. Qxc4 Rb8 18. Ra2 Qc8 19. Bg5 Re8 20. Qe2 Qb7 21. f4 Qb3
22. f5 Bd4 23. Qd2 Qc4 24. Raa1 f6 25. fxg6 hxg6 26. Qf4 Rxb2 27. Bxf6 Bxf6 28.
Qh6 Rf8 29. e5 Qg4 30. g3 dxe5 31. Rae1 Qh5 0-1

[Event "Golden Horseshoe op"]
[Site "Mississauga CAN"]
[Date "2019.06.09"]
[Round "5.10"]
[White "Zhao, Jeffrey Renfei"]
[Black "Bui, Alan"]
[Result "1/2-1/2"]
[WhiteElo "1995"]
[BlackElo "2137"]
[PlyCount "63"]
[EventDate "2019.06.08"]
[EventType "swiss"]
[EventRounds "5"]
[EventCountry "CAN"]

1. e4 e5 2. Nf3 Nc6 3. Bc4 Nf6 4. d3 Be7 5. O-O O-O 6. Re1 d6 7. a4 Na5 8. Ba2
c5 9. Nbd2 Re8 10. Nf1 h6 11. Ng3 Bf8 12. h3 Be6 13. c3 g6 14. Bxe6 Rxe6 15. d4
cxd4 16. cxd4 Rc8 17. Bd2 Nc4 18. Bc3 Bg7 19. Qb3 Qc7 20. Rac1 Nd7 21. d5 Ree8
22. Bb4 Qb6 23. Rxc4 a5 24. Rec1 Rxc4 25. Rxc4 Nc5 26. Qa3 axb4 27. Rxb4 Qa6
28. a5 Ra8 29. Rb6 Qxb6 30. axb6 Rxa3 31. bxa3 Na4 32. Nd2 1/2-1/2

[Event "Golden Horseshoe op"]
[Site "Mississauga CAN"]
[Date "2019.06.09"]
[Round "5.11"]
[White "Bu, Kevin"]
[Black "Ning, Eric"]
[Result "1/2-1/2"]
[WhiteElo "1955"]
[BlackElo "2133"]
[PlyCount "83"]
[EventDate "2019.06.08"]
[EventType "swiss"]
[EventRounds "5"]
[EventCountry "CAN"]

1. d4 Nf6 2. Nf3 g6 3. Bf4 Bg7 4. h3 O-O 5. e3 d6 6. Be2 Nbd7 7. O-O b6 8. a4
a5 9. c3 Bb7 10. Bh2 Re8 11. Nbd2 e5 12. Qb3 Ne4 13. Bc4 Qe7 14. Rfe1 Nxd2 15.
Nxd2 Rf8 16. Rad1 Rae8 17. Bb5 c6 18. Bf1 Qe6 19. Qxe6 Rxe6 20. Nc4 d5 21. dxe5
Ba6 22. Nd2 Bxf1 23. Kxf1 Nxe5 24. Bxe5 Bxe5 25. Nf3 Rfe8 26. Nd4 Rf6 27. Re2
Kg7 28. b4 axb4 29. cxb4 Ra8 30. Ra2 Bxd4 31. Rxd4 Rd6 32. e4 Kf6 33. exd5 Ke5
34. Rad2 Rxd5 35. f4+ Kd6 36. Rxd5+ cxd5 37. Ra2 Re8 38. a5 bxa5 39. bxa5 Kc5
40. a6 Kb6 41. Kf2 Re7 42. Kf3 1/2-1/2

[Event "Golden Horseshoe op"]
[Site "Mississauga CAN"]
[Date "2019.06.09"]
[Round "5.12"]
[White "Surya, Benito"]
[Black "Liu, Henry"]
[Result "1/2-1/2"]
[WhiteElo "2114"]
[BlackElo "1906"]
[PlyCount "85"]
[EventDate "2019.06.08"]
[EventType "swiss"]
[EventRounds "5"]
[EventCountry "CAN"]

1. e4 e6 2. Nf3 d5 3. e5 c5 4. b4 cxb4 5. a3 Nc6 6. axb4 Bxb4 7. c3 Be7 8. d4
a6 9. Bd3 f6 10. Bf4 Bd7 11. h4 Qb6 12. Qe2 Rc8 13. h5 Na7 14. h6 g6 15. exf6
Bxf6 16. Ng5 Ne7 17. Be5 O-O 18. f4 Nb5 19. O-O Nf5 20. Bxf6 Rxf6 21. Qe5 Rcf8
22. Bxf5 gxf5 23. Rf3 Rxh6 24. Rh3 Rxh3 25. gxh3 Qd6 26. Qe3 h6 27. Nf3 Qe7 28.
Ne5 Bc6 29. Nd2 Kh7 30. Ndf3 Na3 31. Ra2 Nc4 32. Qf2 Rg8+ 33. Kh2 Nd6 34. Nxc6
bxc6 35. Rxa6 Ne4 36. Qa2 Rg7 37. Rxc6 Qf6 38. Qa1 Qg6 39. Qg1 Qh5 40. Qf1 Qg6
41. Qg1 Qh5 42. Qf1 Qg6 43. Qg1 1/2-1/2

[Event "Golden Horseshoe op"]
[Site "Mississauga CAN"]
[Date "2019.06.09"]
[Round "5.13"]
[White "Xie, Austin"]
[Black "Xu, Eddie"]
[Result "1-0"]
[WhiteElo "1984"]
[BlackElo "2042"]
[PlyCount "61"]
[EventDate "2019.06.08"]
[EventType "swiss"]
[EventRounds "5"]
[EventCountry "CAN"]

1. e4 f6 2. d4 Kf7 3. Nc3 e6 4. Bc4 Bb4 5. Nf3 d5 6. exd5 exd5 7. Bd3 Ne7 8.
Nh4 Nbc6 9. Be3 Be6 10. Qf3 Qd7 11. h3 Rae8 12. O-O-O Bxc3 13. bxc3 Na5 14. g4
Ng6 15. Ng2 Rhf8 16. g5 Kg8 17. Qh5 f5 18. Nh4 Nxh4 19. Qxh4 g6 20. Qf4 Kf7 21.
h4 Ke7 22. h5 Kd8 23. hxg6 hxg6 24. Rh6 Bf7 25. Rdh1 Qa4 26. Rh7 Qxa2 27. Bb5
Re6 28. Rh8 Qa3+ 29. Kd2 Be8 30. R1h7 Rxh8 31. Qxc7# 1-0

[Event "Golden Horseshoe op U1750"]
[Site "Mississauga CAN"]
[Date "2019.06.08"]
[Round "1"]
[White "Supsup, Ferdinand"]
[Black "Xu, Alex"]
[Result "1-0"]
[WhiteElo "1687"]
[BlackElo "1573"]
[PlyCount "71"]
[EventDate "2019.06.08"]
[EventType "swiss"]
[EventRounds "5"]
[EventCountry "CAN"]

1. e4 e6 2. d4 d5 3. e5 c5 4. c3 Nc6 5. Nf3 Qb6 6. Bd3 Bd7 7. O-O cxd4 8. cxd4
Nxd4 9. Nxd4 Qxd4 10. Nc3 Bb4 11. Nb5 Qxe5 12. Qg4 Ba5 13. Bf4 Qf6 14. Nd6+ Kf8
15. Nxb7 Bb6 16. Rae1 Nh6 17. Qg3 Nf5 18. Bxf5 Qxf5 19. Re5 Qc2 20. Rg5 Bb5 21.
Rc1 Qxb2 22. Re1 Bd4 23. Bd6+ Kg8 24. Rxg7+ Bxg7 25. Be5 Qxe5 26. Rxe5 Kf8 27.
Re1 Bf6 28. Qf4 Kg7 29. Nd6 Bd3 30. Re3 e5 31. Rg3+ Bg6 32. Qf3 Rab8 33. h4 e4
34. Qf4 h5 35. Nf5+ Kf8 36. Qxb8+ 1-0

[Event "Golden Horseshoe op U1750"]
[Site "Mississauga CAN"]
[Date "2019.06.08"]
[Round "2"]
[White "Wang, Andrew"]
[Black "Supsup, Ferdinand"]
[Result "0-1"]
[WhiteElo "1514"]
[BlackElo "1687"]
[PlyCount "147"]
[EventDate "2019.06.08"]
[EventType "swiss"]
[EventRounds "5"]
[EventCountry "CAN"]

1. e4 c5 2. Nc3 Nc6 3. f4 e6 4. Nf3 d5 5. Bb5 a6 6. Bxc6+ bxc6 7. O-O Nf6 8.
Qe1 Be7 9. d3 O-O 10. Ne2 dxe4 11. dxe4 Nxe4 12. Ne5 Qb6 13. Kh1 Nd6 14. b3 Bf6
15. Bb2 Qc7 16. Rd1 a5 17. a4 Nf5 18. Ng3 Ba6 19. Rf3 Nxg3+ 20. Rxg3 Rad8 21.
Rxd8 Rxd8 22. h3 g6 23. Qe4 Rd1+ 24. Kh2 Rd2 25. Bc3 Rd5 26. Bb2 Bf1 27. Qf3
Ba6 28. c4 Rd2 29. Bc1 Rc2 30. Nd3 Qd6 31. Qd1 Ra2 32. Bb2 Bxb2 33. Qb1 Ra1 34.
Qxb2 Qd4 35. Qxd4 cxd4 36. Nc5 Bc8 37. Rd3 Kf8 38. Rxd4 Ke7 39. Kg3 Re1 40. Kf2
Rb1 41. Rd3 Rb2+ 42. Kf3 f6 43. Re3 Rd2 44. g3 h6 45. h4 Rd4 46. g4 Kf7 47. Kg3
e5 48. Re4 exf4+ 49. Rxf4 Rxf4 50. Kxf4 g5+ 51. hxg5 fxg5+ 52. Kg3 Ke7 53. Nd3
Ke6 54. Kf3 Kd6 55. Kg3 c5 56. Kf3 Bb7+ 57. Ke3 Bg2 58. Ne1 Bc6 59. Nd3 Be8 60.
Nf2 Bg6 61. Ne4+ Bxe4 62. Kxe4 Ke6 63. Kd3 Kf6 64. Ke4 Kg6 65. Kf3 h5 66. gxh5+
Kxh5 67. Kg3 Kg6 68. Kf3 Kf5 69. Kg3 Ke5 70. Kg4 Kd4 71. Kxg5 Kc3 72. Kf4 Kxb3
73. Ke3 Kxc4 74. Ke4 0-1

[Event "Golden Horseshoe op U1750"]
[Site "Mississauga CAN"]
[Date "2019.06.08"]
[Round "3"]
[White "Supsup, Ferdinand"]
[Black "Gauthier, David"]
[Result "1-0"]
[WhiteElo "1687"]
[BlackElo "1622"]
[PlyCount "109"]
[EventDate "2019.06.08"]
[EventType "swiss"]
[EventRounds "5"]
[EventCountry "CAN"]

1. e4 c5 2. d4 cxd4 3. c3 dxc3 4. Nxc3 d6 5. Nf3 Nf6 6. Bc4 e6 7. O-O Be7 8.
Qe2 a6 9. e5 dxe5 10. Rd1 Qc7 11. Nxe5 Bd6 12. Bf4 O-O 13. Rxd6 Qxd6 14. Ng6
Qb4 15. Nxf8 Qxf8 16. Rd1 b5 17. Qf3 Ra7 18. Bxb8 Bb7 19. Qf4 Ra8 20. Bd6 Qc8
21. Bd3 Qc6 22. f3 h6 23. Be5 Nd7 24. Be4 Qc8 25. Qg3 f6 26. Bd4 b4 27. Bxb7
Qxb7 28. Ne4 e5 29. Be3 Kh8 30. Qg4 Nf8 31. Nd6 Qc7 32. Nf5 Rb8 33. Rc1 Qd7 34.
Qe4 b3 35. a3 a5 36. g4 Rd8 37. Qc4 a4 38. Bb6 Re8 39. Qc7 g6 40. Nd6 Re6 41.
Rd1 Kg8 42. Ba5 h5 43. h3 hxg4 44. hxg4 f5 45. Qxd7 Nxd7 46. gxf5 gxf5 47. Nxf5
Nf8 48. Kf2 Rf6 49. Ng3 Ng6 50. Ne4 Rf5 51. Rg1 Kh7 52. Bc3 Nh4 53. Rg3 Kh6 54.
Rh3 Rh5 55. Ng3 1-0

[Event "Golden Horseshoe op U1750"]
[Site "Mississauga CAN"]
[Date "2019.06.08"]
[Round "3"]
[White "Supsup, Ferdinand"]
[Black "Lefort, Victor"]
[Result "1/2-1/2"]
[WhiteElo "1687"]
[BlackElo "1543"]
[PlyCount "21"]
[EventDate "2019.06.08"]
[EventType "swiss"]
[EventRounds "5"]
[EventCountry "CAN"]

1. d4 Nf6 2. Bf4 d5 3. e3 c5 4. c3 Qb6 5. Qb3 Qxb3 6. axb3 cxd4 7. exd4 Bf5 8.
Nd2 Nc6 9. Ngf3 h6 10. Ne5 e6 11. Bb5 1/2-1/2

[Event "Golden Horseshoe op U1750"]
[Site "Mississauga CAN"]
[Date "2019.06.09"]
[Round "4"]
[White "Zhu, Ricky"]
[Black "Supsup, Ferdinand"]
[Result "0-1"]
[WhiteElo "1486"]
[BlackElo "1687"]
[PlyCount "98"]
[EventDate "2019.06.08"]
[EventType "swiss"]
[EventRounds "5"]
[EventCountry "CAN"]

1. e4 c5 2. Nf3 g6 3. d4 cxd4 4. Nxd4 Nc6 5. Nc3 Bg7 6. Be3 Nf6 7. Bc4 O-O 8.
Bb3 Qa5 9. O-O d6 10. f3 Bd7 11. Nxc6 bxc6 12. Qd2 Rfd8 13. Kh1 Bc8 14. Rfd1
Bb7 15. Ne2 Qc7 16. Qe1 d5 17. exd5 cxd5 18. Bf4 e5 19. Bg5 h6 20. Be3 Kh7 21.
c3 e4 22. Nd4 exf3 23. gxf3 a6 24. Qf2 Re8 25. Rg1 Bc8 26. Bc2 Qe5 27. Rae1 Qh5
28. Rg3 Rg8 29. Reg1 Bf8 30. Ne2 Bd6 31. Bf4 Be7 32. Qe3 Be6 33. Nd4 Bc5 34.
Qd2 Bd7 35. b4 Bb6 36. Bd6 Qh4 37. Be7 Rae8 38. Bxf6 Qxf6 39. Rc1 Bc7 40. Rgg1
Bf4 41. Qg2 Bxc1 42. Rxc1 Qh4 43. Qd2 Re5 44. Bb3 Rge8 45. f4 Re1+ 46. Rxe1
Rxe1+ 47. Kg2 Qg4+ 48. Kf2 Qg1+ 49. Kf3 Bg4# 0-1

[Event "Golden Horseshoe op U2000"]
[Site "Mississauga CAN"]
[Date "2019.06.08"]
[Round "1.15"]
[White "Lim, Levi"]
[Black "Hua, Michelle"]
[Result "0-1"]
[WhiteElo "1973"]
[BlackElo "1803"]
[PlyCount "118"]
[EventDate "2019.06.08"]
[EventType "swiss"]
[EventRounds "5"]
[EventCountry "CAN"]

1. e4 c5 2. Nf3 d6 3. c3 g6 4. Be2 Bg7 5. O-O Nc6 6. d4 cxd4 7. cxd4 e6 8. Nc3
Nge7 9. Be3 O-O 10. Qd2 d5 11. e5 Nf5 12. Rac1 Bd7 13. a3 Na5 14. Rcd1 Rc8 15.
Bg5 f6 16. exf6 Bxf6 17. Bxf6 Rxf6 18. Ne5 Nc6 19. Nxc6 Bxc6 20. Rfe1 Qd7 21.
Bg4 Qf7 22. Bxf5 gxf5 23. Qf4 Rg6 24. f3 Kh8 25. Qe5+ Rf6 26. Ne2 Bd7 27. Rc1
Bc6 28. Nf4 Kg8 29. b4 a6 30. a4 Rd8 31. Rc5 Bxa4 32. Rc7 Bd7 33. Rxb7 Rh6 34.
Rc1 Qf6 35. Qxf6 Rxf6 36. Rcc7 Rf7 37. Kf2 Be8 38. Nxe6 Rd6 39. Nc5 Rxc7 40.
Rxc7 Rb6 41. Rb7 Rxb7 42. Nxb7 Kg7 43. Ke3 Kf6 44. Kf4 Bc6 45. g4 Bxb7 46. h4
Bc6 47. g5+ Ke6 48. h5 Be8 49. g6 hxg6 50. h6 Kf6 51. h7 Kg7 52. h8=Q+ Kxh8 53.
Ke5 Bf7 54. Kf6 Kg8 55. f4 Kf8 56. Kg5 Kg7 57. Kh4 Kf6 58. Kg3 g5 59. fxg5+
Kxg5 0-1

[Event "Golden Horseshoe op U2000"]
[Site "Mississauga CAN"]
[Date "2019.06.08"]
[Round "1.16"]
[White "Samokysh, Yevhen"]
[Black "Mendoza, Armand Jess"]
[Result "0-1"]
[WhiteElo "1794"]
[BlackElo "1954"]
[PlyCount "53"]
[EventDate "2019.06.08"]
[EventType "swiss"]
[EventRounds "5"]
[EventCountry "CAN"]

1. Nf3 d5 2. d4 Nf6 3. c4 c6 4. Nbd2 g6 5. b3 Bg7 6. e3 O-O 7. Bb2 Ne4 8. Nxe4
dxe4 9. Nd2 f5 10. Qc2 Nd7 11. Rd1 Qc7 12. f4 exf3 13. Nxf3 Nf6 14. Bd3 Ng4 15.
Bc1 e5 16. dxe5 Bxe5 17. c5 Bf6 18. Bc4+ Kg7 19. O-O Qe7 20. Rfe1 Qxc5 21. b4
Qxb4 22. Rd3 Ne5 23. Nd2 Nxd3 24. Qxd3 Rd8 25. Qe2 Qe7 26. Nf3 Be6 27. e4 0-1

[Event "Golden Horseshoe op U2000"]
[Site "Mississauga CAN"]
[Date "2019.06.08"]
[Round "1.17"]
[White "Baylon, Glenda"]
[Black "Sharma, Vishruth"]
[Result "1-0"]
[WhiteElo "1911"]
[BlackElo "1790"]
[PlyCount "99"]
[EventDate "2019.06.08"]
[EventType "swiss"]
[EventRounds "5"]
[EventCountry "CAN"]

1. d4 Nf6 2. c4 g6 3. Nf3 Bg7 4. Nc3 O-O 5. e4 d6 6. Be2 Nbd7 7. O-O e5 8. d5
Ne8 9. Be3 h6 10. Nd2 f5 11. f4 Ndf6 12. h3 fxe4 13. Ndxe4 Nxe4 14. Nxe4 exf4
15. Bxf4 g5 16. Bc1 Nf6 17. Ng3 c6 18. Qb3 Qe7 19. Be3 Bd7 20. Bd4 c5 21. Bc3
Rae8 22. Qc2 Qd8 23. Nh5 Nxh5 24. Bxh5 Re7 25. Rxf8+ Qxf8 26. Rf1 Qd8 27. Bxg7
Rxg7 28. Qf2 Qe7 29. Qf6 Qe3+ 30. Kh2 Qe5+ 31. Qxe5 dxe5 32. Re1 Re7 33. Bf3 b6
34. Kg3 Kg7 35. Bg4 Bxg4 36. Kxg4 Kg6 37. Kf3 Rf7+ 38. Ke4 Rf5 39. d6 Kf6 40.
Kd5 Rf4 41. Rd1 Rd4+ 42. Rxd4 exd4 43. Kc6 d3 44. d7 Ke5 45. d8=Q Ke4 46. Qe7+
Kd4 47. Qf6+ Ke3 48. Qxh6 d2 49. Qxg5+ Ke2 50. Qxd2+ 1-0

[Event "Golden Horseshoe op U2000"]
[Site "Mississauga CAN"]
[Date "2019.06.08"]
[Round "1.18"]
[White "Kuehl, Scott"]
[Black "Cater, Brendan"]
[Result "1-0"]
[WhiteElo "1771"]
[BlackElo "1897"]
[PlyCount "93"]
[EventDate "2019.06.08"]
[EventType "swiss"]
[EventRounds "5"]
[EventCountry "CAN"]

1. e4 d6 2. Nc3 c5 3. g3 Nc6 4. Bg2 g6 5. Nh3 Bg7 6. O-O Nf6 7. d3 O-O 8. Be3
Ng4 9. Qd2 Nxe3 10. fxe3 e5 11. Nd5 b5 12. Rf2 Be6 13. Raf1 Bxd5 14. exd5 Nb8
15. Rf3 a5 16. Qf2 Ra7 17. g4 h6 18. Qg3 e4 19. dxe4 Bxb2 20. g5 h5 21. Nf4 Bg7
22. Bh3 Nd7 23. Bxd7 Rxd7 24. Qh4 Re7 25. Nxh5 gxh5 26. Rh3 Re5 27. Rf5 Rxf5
28. exf5 f6 29. Qxh5 Rf7 30. g6 Rd7 31. Qf3 Qe7 32. Rh4 Qe5 33. Re4 Qa1+ 34.
Kg2 Qxa2 35. Re8+ Bf8 36. Qe4 Ra7 37. Qe6+ Kg7 38. Rd8 Qxc2+ 39. Kg3 Re7 40.
Rd7 Qd2 41. Rxe7+ Bxe7 42. Qxe7+ Kh6 43. Qh7+ Kg5 44. Qh4+ Kxf5 45. Qg4+ Ke5
46. Qf4+ Kxd5 47. e4+ 1-0

[Event "Golden Horseshoe op U2000"]
[Site "Mississauga CAN"]
[Date "2019.06.08"]
[Round "1.19"]
[White "Zhang, Jonathan"]
[Black "Chen, Richard"]
[Result "1/2-1/2"]
[WhiteElo "1886"]
[BlackElo "1759"]
[PlyCount "85"]
[EventDate "2019.06.08"]
[EventType "swiss"]
[EventRounds "5"]
[EventCountry "CAN"]

1. e4 e5 2. Nf3 Nf6 3. Nxe5 d6 4. Nf3 Nxe4 5. Qe2 Qe7 6. d3 Nf6 7. c4 Bf5 8.
Nc3 Nc6 9. a3 O-O-O 10. Qxe7 Bxe7 11. Be2 Ne5 12. d4 Nd3+ 13. Kf1 Nxc1 14. Rxc1
Rhe8 15. h3 Ne4 16. Nd5 Bg6 17. g4 c6 18. Ne3 h6 19. Kg2 Bf6 20. b4 Ng5 21.
Rcd1 Nxf3 22. Bxf3 Bg5 23. Rhe1 Bxe3 24. Rxe3 Rxe3 25. fxe3 Re8 26. Re1 Bd3 27.
c5 d5 28. Kf2 Kc7 29. Be2 Bxe2 30. Kxe2 a5 31. bxa5 Ra8 32. Rf1 f6 33. Rb1 Rxa5
34. Rb3 Ra4 35. h4 b6 36. Kd3 Ra8 37. e4 dxe4+ 38. Kxe4 Re8+ 39. Kf4 Re1 40.
Rf3 Rh1 41. Kg3 Rg1+ 42. Kh3 Rh1+ 43. Kg3 1/2-1/2

[Event "Golden Horseshoe op U2000"]
[Site "Mississauga CAN"]
[Date "2019.06.08"]
[Round "1.20"]
[White "Wu, Benjamin"]
[Black "Orozco, Joey"]
[Result "0-1"]
[WhiteElo "1713"]
[BlackElo "1869"]
[PlyCount "52"]
[EventDate "2019.06.08"]
[EventType "swiss"]
[EventRounds "5"]
[EventCountry "CAN"]

1. e4 e6 2. d4 d5 3. exd5 exd5 4. c4 Nf6 5. Nf3 Be7 6. Nc3 O-O 7. Bg5 c6 8. Be2
Be6 9. O-O dxc4 10. a4 Nd5 11. Bxe7 Qxe7 12. Ne5 Nxc3 13. bxc3 Nd7 14. Nxc4 Nf6
15. Ne5 c5 16. f4 Rfd8 17. f5 Bd5 18. Bf3 cxd4 19. cxd4 Rac8 20. Bxd5 Rxd5 21.
Rb1 Rcd8 22. Re1 Rxd4 23. Qb3 Re4 24. Rxe4 Nxe4 25. Qb2 Qc5+ 26. Kf1 Rd2 0-1

[Event "Golden Horseshoe op U2000"]
[Site "Mississauga CAN"]
[Date "2019.06.08"]
[Round "1.21"]
[White "Momic, Jovan"]
[Black "Caloyloy, Ronnie Nino"]
[Result "0-1"]
[WhiteElo "1861"]
[BlackElo "1701"]
[PlyCount "90"]
[EventDate "2019.06.08"]
[EventType "swiss"]
[EventRounds "5"]
[EventCountry "CAN"]

1. d4 Nf6 2. c4 c5 3. d5 g6 4. Nc3 Bg7 5. Rb1 d6 6. e4 O-O 7. h3 e6 8. Bd3 exd5
9. exd5 Re8+ 10. Nge2 Nbd7 11. f4 Nh5 12. O-O f5 13. Bd2 Ndf6 14. a3 a6 15. a4
Bd7 16. Be1 Ne4 17. Qc2 Nhf6 18. Bh4 Nxc3 19. Nxc3 Rb8 20. Rfe1 Qa5 21. Rxe8+
Rxe8 22. Re1 Kf7 23. Rxe8 Nxe8 24. Qe2 Bd4+ 25. Kf1 Nf6 26. Be1 Nh5 27. Qf3
Bxa4 28. g4 Nf6 29. gxf5 Bd7 30. fxg6+ hxg6 31. Nb5 Qb6 32. Nxd4 cxd4 33. Qg2
Bf5 34. Bxf5 gxf5 35. Qe2 Qb3 36. Kg2 Kg6 37. Bf2 d3 38. Qe6 Qxb2 39. h4 d2 40.
h5+ Kxh5 41. Qxf5+ Kh6 42. Qh3+ Kg7 43. f5 d1=Q 44. Qg3+ Qg4 45. Qxg4+ Nxg4 0-1

[Event "Golden Horseshoe op U2000"]
[Site "Mississauga CAN"]
[Date "2019.06.08"]
[Round "1.22"]
[White "Chakkoli, Anirud"]
[Black "Desikan, Ajith"]
[Result "1-0"]
[WhiteElo "1700"]
[BlackElo "1845"]
[PlyCount "93"]
[EventDate "2019.06.08"]
[EventType "swiss"]
[EventRounds "5"]
[EventCountry "CAN"]

1. e4 c5 2. Nf3 Nc6 3. d3 d6 4. g3 Bg4 5. Bg2 Nf6 6. O-O Nd4 7. Nbd2 e6 8. c3
Nxf3+ 9. Nxf3 Be7 10. h3 Bh5 11. Qb3 Qc7 12. Re1 O-O 13. d4 c4 14. Qc2 e5 15.
Bd2 b5 16. Nh4 Bg6 17. Nxg6 fxg6 18. a4 a6 19. b3 Rab8 20. axb5 axb5 21. Ra2
Ra8 22. bxc4 Rxa2 23. Qxa2 bxc4 24. Rb1 Kh8 25. d5 h6 26. Rb4 Rc8 27. Bf1 Nxe4
28. Rxc4 Nc5 29. Qc2 Kh7 30. Be3 Qb7 31. Bd3 Qb3 32. Bxg6+ Kg8 33. Bh7+ Kh8 34.
Rg4 Bf6 35. Qg6 Ra8 36. Bxh6 Ne6 37. Bxg7+ Nxg7 38. Qxf6 Kxh7 39. Qxd6 Qb1+ 40.
Kg2 Qf5 41. Qe7 Qf8 42. Qxe5 Re8 43. Qg5 Qe7 44. Qg6+ Kh8 45. d6 Qe5 46. Qf7
Rd8 47. Rh4+ 1-0

[Event "Golden Horseshoe op U2000"]
[Site "Mississauga CAN"]
[Date "2019.06.08"]
[Round "1.23"]
[White "McDonald, Mike"]
[Black "Locham, Divjot"]
[Result "1-0"]
[WhiteElo "1837"]
[BlackElo "1694"]
[PlyCount "105"]
[EventDate "2019.06.08"]
[EventType "swiss"]
[EventRounds "5"]
[EventCountry "CAN"]

1. e4 e5 2. Nf3 Nc6 3. Bc4 Bc5 4. c3 Nf6 5. d3 O-O 6. O-O h6 7. Re1 d6 8. d4
exd4 9. cxd4 Bb4 10. Bd2 Nxe4 11. Bxb4 Nxb4 12. Qb3 a5 13. a3 d5 14. axb4 dxc4
15. Qxc4 Nd6 16. Qb3 c6 17. d5 cxd5 18. Nc3 Be6 19. Nd4 Qb6 20. Nxe6 fxe6 21.
Re3 Qxb4 22. Qa2 Qf4 23. Rf3 Qd4 24. Rd1 Qc4 25. b3 Qc8 26. Rg3 Nf5 27. Rf3 Qc6
28. Qd2 Rad8 29. Rc1 Qb6 30. Na4 Qd4 31. Qxa5 Rc8 32. Qe1 Rxc1 33. Qxc1 Kh7 34.
h3 Qe4 35. Rf4 Qe5 36. g4 Nd4 37. Qb1+ Kg8 38. Rxf8+ Kxf8 39. Nc5 Qc7 40. b4 b6
41. Nd3 Nf3+ 42. Kg2 Ne5 43. Nf4 Qf7 44. Qc1 Nd7 45. Qc7 e5 46. Qd6+ Kg8 47.
Nxd5 e4 48. Ne7+ Kh7 49. Qxd7 Qf3+ 50. Kg1 e3 51. Qd3+ Kh8 52. Qd8+ Kh7 53.
Qg8# 1-0

[Event "Golden Horseshoe op U2000"]
[Site "Mississauga CAN"]
[Date "2019.06.08"]
[Round "1.24"]
[White "Butt, Jeffery"]
[Black "Joseph Benher, Savio"]
[Result "1-0"]
[WhiteElo "1686"]
[BlackElo "1830"]
[PlyCount "87"]
[EventDate "2019.06.08"]
[EventType "swiss"]
[EventRounds "5"]
[EventCountry "CAN"]

1. e4 e6 2. d4 d5 3. Nc3 Bb4 4. e5 b6 5. a3 Bf8 6. f4 Ne7 7. Nf3 h5 8. Bd3 Ba6
9. O-O Bxd3 10. Qxd3 Nf5 11. Ne2 h4 12. Bd2 Be7 13. Rac1 O-O 14. c4 dxc4 15.
Qxc4 c5 16. Rfd1 cxd4 17. b4 d3 18. Ned4 b5 19. Qxd3 Qb6 20. Be3 Nxe3 21. Qxe3
a5 22. Qe4 Ra7 23. Kh1 axb4 24. axb4 Na6 25. Nc6 Rc7 26. Nxe7+ Rxe7 27. Rd6 Qa7
28. Ra1 Rc7 29. Rdxa6 Qf2 30. R6a2 Qb6 31. Rc2 Rd7 32. h3 Rfd8 33. Kh2 Rd3 34.
Ra8 Rxa8 35. Qxa8+ Rd8 36. Rc8 Rxc8 37. Qxc8+ Kh7 38. Ng5+ Kg6 39. Qd7 f6 40.
Qd3+ f5 41. Qd7 Qf2 42. Qe8+ Kh6 43. Qh8+ Kg6 44. Qh7# 1-0